00718nam a22001817a 4500003000900000008004100009040007100050082001500121100002600136245006800162260004000230300005900270505015300329650002200482650001200504650001000516650001000526AR-CdUCM190319b ||||| |||| 00| 0 eng d aMUNICIPALIDAD PROVINCIAL DEL CUSCOcBIBLIOTECA MUNICIPAL DEL CUSCO a709 /bP56 aRiviére, Jean Roger aSumma Artis, Historia general del arte :bEl arte de la China / aMadrid bEspasa-Calpe, S.A.,c1966. a626 páginas ;bIlustraciones en color y b/n.c27 cm. aContenido : Conocimiento de China -- La China arcaica de los bronces y de los jades -- El arte imperial de los Han -- El arte búdico de los Wei... aHistoria del Arte aPintura aArte  aChina